000 00336nam a22001337a 4500
008 181105b xxu||||| |||| 00| 0 eng d
020 _a9781457664892
041 _aeng
080 _a370
100 _a47
101 _aEDU
245 _aDigging Into Literature Straegies For Reading Analysis Writing
_cWolfe.J
942 _2udc
_cBK
999 _c51778
_d51778